000 00726cam a22002173a 4500
001 40691
003 PGUSA
005 20140828083917.0
008 120906s2012||||xxu|||||s|||||000 | eng d
040 _aPGUSA
_beng
042 _adc
100 1 _aKingston, William Henry Giles,
_d1814-1880
245 1 0 _aKidnapping in the Pacific :
_bThe Adventures of Boas Ringdon: A long four-part Yarn
_h[electronic resource] /
_cWilliam Henry Giles Kingston
260 _bProject Gutenberg,
_c2012
506 _aPublic domain in the USA.
516 _aElectronic text
700 1 _aEvans, E. Everett
_q(Edward Everett),
_d1893-1958
830 0 _aProject Gutenberg
_v40691
856 4 0 _uhttp://www.gutenberg.org/ebooks/40691
942 _cEB
999 _c269943
_d269943